Find the US States (No Skips) Quiz Stats

 Plays Quiz not verified by Sporcle

Support Sporcle.
Go Orange.
Score 0/50 Timer 07:00
0 Plays Today
% Correct
???
82.8%
???
82%
???
81.6%
???
80.8%
???
80.8%
???
80.7%
???
79.9%
???
79.6%
???
79.6%
???
78.9%
???
78.9%
???
78.6%
???
78.4%
???
78.4%
???
77.7%
???
77.4%
???
77.2%
???
77.2%
???
76.8%
???
76.8%
???
76.5%
???
76.5%
???
76.5%
???
76.5%
???
76.5%
% Correct
???
76.3%
???
76.3%
???
75.7%
???
75.4%
???
75.4%
???
75.4%
???
75%
???
75%
???
74.9%
???
74.9%
???
74.9%
???
74.7%
???
74.6%
???
74.1%
???
74.1%
???
73.7%
???
73.5%
???
73.4%
???
73.2%
???
72.6%
???
72.3%
???
71.7%
???
71.4%
???
71.3%
???
70.5%

You're not logged in!

Compare scores with friends on all Sporcle quizzes.
OR
Log In

From the Vault

Uncertain TV Shows II

by Thebiguglyalien

Nothing is ever certain when it comes to TV.
Remove Ads.
Support Sporcle.
Get the best of Sporcle when you Go Orange. This ad-free experience offers more features, more stats, and more fun while also helping to support Sporcle. Thank you for becoming a member.

Show Comments

Extras

Top Quizzes Today


Score Distribution

Your Account Isn't Verified!

In order to create a playlist on Sporcle, you need to verify the email address you used during registration. Go to your Sporcle Settings to finish the process.

Report this User

Report this user for behavior that violates our Community Guidelines.

Details: